|
|
|
|
| LEADER |
00000nam a2200000 a 4500 |
| 001 |
vtls001083674 |
| 003 |
SK-MaSNL |
| 005 |
20260302020212.0 |
| 008 |
250414s1986 xo 0 slo |
| 015 |
|
|
|a SNBA1987/03
|
| 035 |
|
|
|a SNK000026512
|
| 040 |
|
|
|a SNK
|b slo
|c SNK
|e AACR2
|
| 041 |
0 |
|
|a slo
|
| 044 |
|
|
|a xo
|c SK
|
| 080 |
|
|
|a 338.46(075.8)(076.5)
|2 1981
|
| 100 |
1 |
|
|a Kontra, Martin,
|d 1929-1995
|4 aut
|9 102608
|
| 245 |
1 |
0 |
|a Ekonomika služieb
|b Návody na cvičenia
|c Martin Kontra
|
| 250 |
|
|
|a 1. vyd.
|
| 260 |
|
|
|a Bratislava
|b Vysoká škola ekonomická
|c 1986
|e Bratislava
|f Edičné stredisko VŠE
|
| 300 |
|
|
|a 155 s.
|b Tb.
|c 29 cm
|
| 366 |
|
|
|e 700 výtl.
|
| 490 |
1 |
|
|a Vysokoškolské skriptá
|
| 504 |
|
|
|a Obsahuje bibliografiu
|
| 650 |
0 |
7 |
|a služby
|2 SNKPH
|9 2356
|
| 655 |
|
7 |
|a učebnice vysokých škôl
|2 SNKPH
|9 70191
|
| 655 |
|
7 |
|a Textbooks (higher)
|2 SNKPHeng
|9 276436
|
| 830 |
|
0 |
|a Vysokoškolské skriptá
|9 276440
|
| 852 |
|
|
|a Slovenská národná knižnica
|
| 954 |
|
|
|a odborná, vedecká literatúra pôvodná (slovenská)
|2 lita
|
| 954 |
|
|
|a služby
|a ekonomika
|
| 958 |
|
|
|a NB
|
| 958 |
|
|
|a RM
|
| 958 |
|
|
|a UV
|
| 958 |
|
|
|a OND
|
| 999 |
|
|
|c 1024202
|d 1026132
|
| 952 |
|
|
|a SNK
|b SNK
|y PREZ
|7 0
|p 17A0835389
|o snkSB 41334
|0 0
|1 0
|4 0
|d 2012-05-12
|f 1
|l 0
|r 2025-04-28 00:00:00
|w 2026-02-24
|
| 952 |
|
|
|t P60, <04>, [BOOK], {604}
|a SNK
|b SNK
|y VYP
|7 0
|p 17A0204772
|o snkSB 41334 D1
|0 0
|1 0
|4 0
|d 1999-07-23
|l 0
|r 2004-12-31 00:00:00
|w 2026-02-24
|